Quizzes
Events
Quiz Creation
Community
Videos
Private Events
Remove Ads
Sign In
Join for FREE
Feedback
Dark Mode
Quiz Categories
Sports
Geography
Music
Movies
Television
Just For Fun
Miscellaneous
History
Literature
Language
Science
Gaming
Entertainment
Religion
Holiday
For Kids
Quiz Lab
Recent
Popular Today
Quiz Kudos Today
Editor Picks
Curator Picks
Quizzes by...
Day
Popularity
Type
Ratings
Length
Year
Community
Subscriptions
Recent Discussions
Orange Saloon
Badges
Playlists
Quests
Create
Leaderboards
Showdown
Live 5
Trivia Bingo
Activity
Puzzle Library
Sporcle Events
Private Events
Virtual Trivia
Globe League
Become a Host
Pub Owners
SporcleCon
Opinionation
Our Games
Videos
Blog
Mobile Apps
Partnerships
Remove Ads and Go Orange
Feedback
Television
TV Characters
TV Show
Sitcom
Network
Friends
Reality Shows
Cast
South Park
Star Trek
The Simpsons
Doctor Who
Television
TV Characters
TV Show
Sitcom
Network
Friends
Reality Shows
Cast
South Park
Star Trek
The Simpsons
Doctor Who
Random Quiz
Search Sporcle
×
Quiz Lab
Quiz Lab
Television
sponge
Type in answers that appear in a list
Type in answers that appear in a list
Classic
Best Score? Go Orange.
Sponge bob Charaters Stats
Can you name the Sponge bob Charaters?
By
Puppyluv223
5m
23 Questions
3,136 Plays
3,136 Plays
3,136 Plays
Comments
Comments
Give Quiz Kudos
Give Quiz Kudos
-
- Ratings
hide this ad
More Info
Replay
Link that replays current quiz
Next Quiz
Link to next quiz in quiz playlist
You Got
0%
They Got
Avg Score
48%
Avg Friend Score
Upgrade to see
Score Distribution
Jump to the score distribution portion of the page
Score
0/23
Timer
05:00
0
Plays Today
Hints
Answer
% Correct
Main character
Sponge bob squarepannts
98.4%
Main character
Sandy Cheeks
96.2%
Main character
Gary
93.4%
Main character
Plankton
89.4%
Main character
Squidward Tenticles
89.4%
Main character
Eugene Krabs
88.3%
Main Character
Patrick Star
86.3%
Recurring character
Pearl
61.2%
Recurring character
Mermaid Man
59.6%
Minor Character
Dirty Bubble
49%
Minor Character
Man Ray
43.1%
Recurring character
Larry the lobster
41%
Hints
Answer
% Correct
Minor Character
King Neptune
39.4%
Recurring character
The flying Dutchman
39.2%
Recurring character
Barnicle Boy
31.8%
Recurring character
Patchy the pirate
27.7%
Minor Character
Bubble Bass
23.6%
Recurring character
Squilliam Fancyson
21.7%
Minor Character
Flatts
16.9%
Minor Character
Oldman Jenkins
10.6%
Recurring character
Potty the parrot
8.5%
Minor Character
Stanley Squarepants
4.2%
Recurring character
Painty the Pirate
4.1%
Quiz Playlist
Details
Report
Send in Message
Add To Playlist
More Info:
Every spongebob character
Classic:
Type in answers that appear in a list
Last Updated: Feb 16, 2017
Quiz Scoreboard
CHALLENGE
Sign Up to Join the Scoreboard
Show All
Scores
Hide
Comments
May contain spoilers
Recently Published
Billboard Blitz: Fleetwood Mac
by CooCooCachoo
Music
15s
Presidents Visiting Landmarks
by Hejman
History
7m
An Introduction to Baseball
by treessimontrees
Sports
5m
More to Explore
Quiz From the Vault
Featured Blog Post
Where Did the Easter Bunny Come From?
hide this ad
You Might Also Like...
Tags
bob
Character
sponge
Today's Top Quizzes in Television
Browse Television
hide this ad
Today's Top Quizzes in sponge
Browse sponge
Top Contributed Quizzes in Television
1
5-to-1: The Simpsons Families
2
5-to-1: Television Doctors
3
7-to-1: TV Show Settings
4
One Piece Logic Puzzle
5
5-to-1: Streaming Originals
6
Survivor Seasons
7
Survivor Logic Puzzle: Heroes vs. Villains
8
TV Shows by First Names
9
Survivor Season by Logo
10
One Thing in Common: Television
Explore More
Trending Topics
Anime
NBA
Kpop
Marvel
Harry Potter
Disney
Crossword
Song
WWE
The Office
Country
Puzzle
Soccer
Pokémon
NFL
hide this ad
More By:
Puppyluv223
Quiz
Plays
Rating
Category
Featured
Created
Sponge bob Charaters
3,136
2.67
Television
Dec 5, 2009
Willy wonka Characters
579
1.00
Movies
Dec 5, 2009
Go to Creator's Profile
Score Distribution
Quiz Creator Spotlight
Puppyluv223
Follow
Send a Message
Quizzes Created
-
Created Quiz Play Count
-
More By This Creator
Popular Quizzes Today
1
Find the US States - No Outlines Minefield
2
Find the Countries of Europe - No Outlines Minefield
3
The Countries of the World
4
Find the US States
5
US States
6
Popular People in 1961
7
Risky Map Clicking: Biggest States A-Z
8
Movies - When Are They Set?
More Television Quizzes
'C' TV Shows by Picture
Published
Trending Quizzes
Risky Map Clicking: Least Populous States A-Z
1-10 Letter G Words
1-10 Letter F Words
Risky Map Clicking: Next State Alphabetically
Risky Map Clicking: Biggest States A-Z
Recently Updated
Leaping Animals
pecheneg
Reality TV Shows (A-Z)
bhenderson79
Rickey Henderson's Hall of Fame Teammates
pecheneg
Champions League XIs: Arsenal
pecheneg
Quick Pick: Celebrities in WWE's Hall of Fame
aduchscher
A-Z Keypad Blitz II
pecheneg
Multiple Oscar Actors
pecheneg
Mystery Phrase Blitz: Oscar 'Best Actors'
pecheneg
F. Scott Fitzgerald Novels
LTH
Pick 3 Villains
ddd62291
Trending Topics
Kpop
NBA
Marvel
Disney
Harry Potter
Crossword
Anime
The Office
WWE
Pokémon
Puzzle
Song
NFL
Country
Soccer
Your Account Isn't Verified!
In order to create a playlist on Sporcle, you need to verify the email address you used during registration. Go to your
Sporcle Settings
to finish the process.
Report this User
Report this user for behavior that violates our
Community Guidelines
.
Details:
Send Report
Go to the Sporcle.com Mobile Site →
Comments